10 Largest Peninsulas on a Map - Statistics

General Stats
  • This quiz has been taken 80 times
  • The average score is 7 of 10
Answers on the Map
Answers color-coded by a green-red scale on the quiz's map according to % correct below.
 
Answer Stats
# Peninsula Area (mil. km²) Continent % Correct
4 Alaska 1.72 North America
96%
9 Iberia 0.58 Europe
91%
7 Scandinavia 0.80 Europe
91%
1 Arabian 2.78 Asia
90%
8 Somali 0.75 Africa
89%
3 Indian 2.10 Asia
86%
2 Indochina 2.30 Asia
67%
5 Labrador 1.43 North America
64%
10 Antarctic 0.52 Antarctica
21%
6 Fennoscandia 1.23 Europe
14%
No matching quizzes found
Score Distribution
Percent of People with Each Score
Percentile by Number Answered
Your Score History
You have not taken this quiz